000 00812nas a2200301 4500
001 BR2010000166
003 BR-BrBNA
005 20231205113817.0
007 ta
008 230509b bl.|||p| |||| 00| 00por d
040 _aBR-BrBNA
_bpor
_cBiblioteca Nacional de Agricultura
041 _a(En)
072 _aK10
100 1 _aSilva, P.S.L. e
100 1 _aSilva, K.M.B.
100 1 _aAssis, J.P. de
100 1 _aSilva, N.L. da
245 1 _aGrowth of four multipurpose trees
650 _aALGAROBA
650 _aLEUCAENA
650 _aTAMARINDO
650 _aÁRVORE FLORESTAL
650 _aCRESCIMENTO
650 _aDENDROMETRIA
773 0 _tCaatinga (Brazil)
_xISSN 0100-316X
_g(2007), v. 20(3) p. 85-92
_wBR2010000166
909 _a202311
_bLúcia
_c55
_dLúcia Elande
942 _2AGRIS
_n0
_cANA
999 _c205739
_d205739